000
00286nam a22001217a 4500
082
_a
694.1 DUR'F
100
_a
DURBAHN, WALTER E
_9
45479
245
_a
FUNDAMENTALS OF CARPENTING TOOLS MATERIALS PRACTICE
250
_a
3RD
260
_a
USA
_b
ATS
_c
1961
300
_a
VOL-1
942
_c
BK
999
_c
568356
_d
568356